Catálogo público

Agricultural and resource economics review. (Record no. 104787)

MARC details
000 -CABECERA
campo de control de longitud fija 01055nas a2200313 a 4500
001 - NÚMERO DE CONTROL
campo de control 000108325
003 - IDENTIFICADOR DEL NÚMERO DE CONTROL
campo de control DLC
005 - FECHA Y HORA DE LA ÚLTIMA TRANSACCIÓN
campo de control 20220329144008.0
008 - DATOS DE LONGITUD FIJA--INFORMACIÓN GENERAL
campo de control de longitud fija 140128c19939999 r1p|r 0 0eng d
010 ## - NÚMERO DE CONTROL DE LA BIBLIOTECA DEL CONGRESO
Número de control de LC 104787
011 ## - ENLACE DEL NUMERO DE CONTROL DE LA BIBLIOTECA DEL CONGRESO [OBSOLETO]
Número de control de LC 105759
022 ## - NÚMERO INTERNACIONAL NORMALIZADO PARA PUBLICACIONES SERIADAS
Número Internacional Normalizado para Publicaciones Seriadas 1068-2805
210 1# - TÍTULO ABREVIADO
Título abreviado Agric. resour. econ. rev.
245 00 - MENCIÓN DE TÍTULO
Título Agricultural and resource economics review.
260 ## - PUBLICACIÓN, DISTRIBUCIÓN, ETC.
Lugar de publicación, distribución, etc. Newark, De :
Nombre del editor, distribuidor, etc. Northeastern Agricultural and Resource Economics Association,
Fecha de publicación, distribución, etc. 1993.
300 ## - DESCRIPCIÓN FÍSICA
Extensión v.
310 ## - PERIODICIDAD ACTUAL
Periodicidad actual Semestral
362 1# - FECHAS DE PUBLICACIÓN Y/O DESIGNACIÓN SECUENCIAL
Fecha de publicación y/o designación secuencial v. 42n. 1, 2013
500 ## - NOTA GENERAL
Nota general Inicia en (año)con el vol. #, no. #
530 ## - NOTA DE FORMATO FÍSICO ADICIONAL DISPONIBLE
Nota de formato físico adicional disponible A partir del v.&& n.&,&&& disponible en línea
590 ## - NOTA LOCAL (RLIN)
Nota local E5765TAJ
Procedencia (VM) [OBSOLETO] 10
Condición del los carretes individuales (VM) [OBSOLETO] 20140128
-- UCH01
-- 1142
590 ## - NOTA LOCAL (RLIN)
Nota local E5765TAJ
Procedencia (VM) [OBSOLETO] 10
Condición del los carretes individuales (VM) [OBSOLETO] 20140128
-- UCH01
-- 1146
650 14 - PUNTO DE ACCESO ADICIONAL DE MATERIA--TÉRMINO DE MATERIA
Término de materia o nombre geográfico como elemento de entrada Agricultura
Subdivisión general Aspectos económicos
Subdivisión geográfica E.U.A.
9 (RLIN) 1311
650 14 - PUNTO DE ACCESO ADICIONAL DE MATERIA--TÉRMINO DE MATERIA
Término de materia o nombre geográfico como elemento de entrada Recursos naturales
Subdivisión general E.U.A.
9 (RLIN) 95277
780 00 - ENLACE A UN TÍTULO/ENTRADA ANTERIOR
Título Northeastern journal of agricultural and resource economics
Número Internacional Normalizado para Publicaciones Seriadas 0899-367X
856 40 - LOCALIZACIÓN Y ACCESO ELECTRÓNICOS
Especificación de materiales http://ageconsearch.umn.edu/handle/36551
Nota pública Teclea aqui
901 ## - ELEMENTOS DE DATOS A LOCAL LDA (RLIN)
a SE
942 ## - ELEMENTOS DE PUNTO DE ACCESO ADICIONAL (KOHA)
Suprimir en OPAC 0

No items available.